[Event "ch-CRO"]
[Site "Split CRO"]
[Date "2008.01.27"]
[Round "11"]
[White "Jankovic,A"]
[Black "Stevic,H"]
[Result "0-1"]
[WhiteElo "2541"]
[BlackElo "2531"]

1.d4 d5 2.c4 dxc4 3.e4 e5 4.Nf3 exd4 5.Bxc4 Bb4+ 6.Bd2 Bxd2+ 7.Nbxd2 Qf6
8.Nb3 Nc6 9.Bb5 Ne7 10.Qxd4 Qxd4 11.Nfxd4 Bd7 12.Nc5 O-O-O 13.O-O-O Be8 14.Ne2 Rxd1+
15.Rxd1 Ne5 16.Bxe8 Rxe8 17.f4 N5c6 18.Kd2 Rd8+ 19.Ke1 Rxd1+ 20.Kxd1 b6 21.Nd3 Kd7
22.Kd2 f5 23.Ke3 Ke6 24.g4 fxg4 25.f5+ Kf7 26.Kf4 g6 27.Kxg4 Kf6 28.Nef4 gxf5+
29.exf5 Ne5+ 30.Nxe5 Kxe5 31.Ne6 c5 32.Ng5 Nxf5 33.Nxh7 Ne3+ 34.Kg5 c4 35.Nf6 Nd1
36.Ng4+ Kd4 37.Kf4 Nxb2 38.Ne3 c3 39.h4 Nd3+ 40.Kf3 Ne1+ 41.Ke2 c2 42.Kd2 Nf3+
43.Kxc2 Kxe3 44.h5 Kd4 45.h6 Ng5 46.Kd2 b5 47.Kc2 a5 48.Kd2 b4 49.Kc2 a4
50.Kd2 b3 51.Kc1 Kc3 52.Kb1 b2 53.a3 Ne4  0-1

[Event "4th Open C Women"]
[Site "Moscow RUS"]
[Date "2008.02.03"]
[Round "2"]
[White "Grigoryeva,O2"]
[Black "Vrublevskaya,O"]
[Result "1/2-1/2"]
[WhiteElo "1955"]
[BlackElo "2137"]

1.d4 d5 2.c4 dxc4 3.e4 Nc6 4.Be3 Nf6 5.f3 e5 6.d5 Nb4 7.a3 Nd3+ 8.Bxd3 cxd3
9.Qxd3 Bd6 10.Nc3 a6 11.Nge2 O-O 12.O-O Nh5 13.g4 Nf4 14.Nxf4 exf4 15.Bd4 Re8
16.Rae1 Qg5 17.Qe2 h5 18.h3 Bd7 19.Qg2 Be5 20.Bxe5 Qxe5 21.Qd2 c6 22.Ne2 hxg4
23.hxg4 cxd5 24.Nxf4 Bb5 25.exd5 Qd6 26.Rxe8+ Rxe8 27.Rf2 Rc8 28.Kg2 Qe5
29.Ne2 Rd8 30.Nc3 Rd6 31.Nxb5 axb5 32.Re2 Rxd5 33.Qc2 Qb8 34.Qb3 Re5 35.Qd3 Qe8
36.Rxe5 Qxe5 37.Qd8+ Kh7 38.Qh4+  1/2-1/2

[Event "TCh-FIN 2007-8"]
[Site "Finland FIN"]
[Date "2008.02.09"]
[Round "6"]
[White "Mertanen,J"]
[Black "Tiitta,S"]
[Result "1-0"]
[WhiteElo "2290"]
[BlackElo "2192"]

1.d4 d5 2.c4 dxc4 3.e4 c5 4.d5 b5 5.a4 Nf6 6.Nd2 b4 7.Bxc4 g6 8.Qb3 Bg7 9.a5 O-O
10.Ngf3 Qc7 11.O-O Nbd7 12.Re1 Nh5 13.Nf1 Ne5 14.Nxe5 Bxe5 15.g3 Re8 16.Be3 e6
17.Bb5 Rd8 18.Bc6 Rb8 19.Rec1 exd5 20.Bxd5 Bd6 21.Bg5 Re8 22.Ne3 Ng7 23.Nc4 Ne6
24.Nxd6 Qxd6 25.Be3 Bd7 26.Rd1 Qe7 27.Rac1 Rbc8 28.Qc4 Rc7 29.Rc2 Rec8 30.Rdc1 Qd6
31.Qd3 a6 32.Qb3 Bb5 33.Bxe6 fxe6 34.Bf4 Qd3 35.Qxe6+ Kh8 36.Be5+ Rg7 37.Qxc8+ Be8
38.Qxe8+  1-0

[Event "79th ch-GER"]
[Site "Bad Woerishofen GER"]
[Date "2008.02.16"]
[Round "2"]
[White "Jorczik,J"]
[Black "Levin,F"]
[Result "1-0"]
[WhiteElo "2286"]
[BlackElo "2563"]

1.d4 d5 2.c4 dxc4 3.e4 Nc6 4.Be3 Nf6 5.f3 e5 6.d5 Nb4 7.Bxc4 c6 8.dxc6 Qxd1+
9.Kxd1 Nxc6 10.Nc3 Be7 11.Nge2 O-O 12.Nd5 Nxd5 13.Bxd5 Nb4 14.Nc3 Be6 15.Bxe6 fxe6
16.Ke2 Nc2 17.Rad1 Nxe3 18.Kxe3 Rf7 19.Ke2 Bc5 20.Rd2 a6 21.Rc1 Bd4 22.Nd1 Rd7
23.Ne3 Rad8 24.Rcd1 Kf7 25.Nc2 g5 26.g3 Ke7 27.Nxd4 exd4 28.e5 Rd5 29.f4 gxf4
30.gxf4 Rb5 31.b3 Rbd5 32.Kf3 Rc8 33.Rxd4 Rxd4 34.Rxd4 Rc2 35.Rb4 b5 36.a4 bxa4
37.bxa4 Rxh2 38.Rb7+ Kf8 39.Rb6 Kf7 40.Rxa6 h5 41.Ra7+ Kf8 42.a5 Rh3+ 43.Kg2 Ra3
44.a6 h4 45.Ra8+ Kg7 46.a7  1-0

[Event "XXIV Open"]
[Site "Cappelle La Grande FRA"]
[Date "2008.02.21"]
[Round "7"]
[White "Grandelius,N"]
[Black "David,Alb"]
[Result "0-1"]
[WhiteElo "2371"]
[BlackElo "2557"]

1.d4 d5 2.c4 dxc4 3.e4 Nf6 4.e5 Nd5 5.Bxc4 Nb6 6.Bb3 Nc6 7.Ne2 Bf5 8.Nbc3 e6
9.Be3 Qd7 10.O-O O-O-O 11.Rc1 Kb8 12.Na4 f6 13.exf6 gxf6 14.Nc5 Bxc5 15.Rxc5 h5
16.Nf4 e5 17.dxe5 fxe5 18.Ne2 Qg7 19.Qc1 Nb4 20.Qc3 Nd3 21.Ra5 h4 22.Nc1 Bh3
23.g3 Bxf1 24.Kxf1 hxg3 25.hxg3 Nxc1 26.Bxc1 Qg4 27.Rxe5 Rd1+ 28.Bxd1 Qxd1+
29.Re1 Rh1+ 30.Kg2 Qxe1  0-1

[Event "58th ch-RUS w 1st liga"]
[Site "Smolensk RUS"]
[Date "2008.02.28"]
[Round "2"]
[White "Shulakova,S"]
[Black "Travkina,A"]
[Result "1-0"]
[WhiteElo "2190"]
[BlackElo "2083"]

1.d4 d5 2.c4 dxc4 3.e4 Nf6 4.e5 Nd5 5.Bxc4 e6 6.Nf3 Be7 7.O-O b6 8.Bd2 Bb7
9.Nc3 O-O 10.Rc1 Nd7 11.Nxd5 exd5 12.Bd3 c5 13.Qe2 cxd4 14.Nxd4 Nc5 15.Nf5 Nxd3
16.Qxd3 Qd7 17.Bh6 gxh6 18.Qg3+ Bg5 19.Nxh6+ Kh8 20.Qxg5 Qd8 21.Qxd8 Raxd8
22.Rc7 Rb8 23.Nxf7+ Kg8 24.Nd6 Ba6 25.Rd1 Ra8 26.Rxd5 Rf4 27.f3 Ra4 28.a3 Rf4
29.e6  1-0

[Event "65th ch-POL"]
[Site "Lublin POL"]
[Date "2008.02.29"]
[Round "5"]
[White "Dziuba,M"]
[Black "Heberla,B"]
[Result "1/2-1/2"]
[WhiteElo "2556"]
[BlackElo "2506"]

1.d4 d5 2.c4 dxc4 3.e4 e5 4.Nf3 exd4 5.Bxc4 Bb4+ 6.Bd2 Bxd2+ 7.Nbxd2 Nc6
8.O-O Qf6 9.b4 Bg4 10.Qa4 Ne7 11.b5 Ne5 12.Nxe5 Qxe5 13.f4 Qc5 14.Nb3 Qb6
15.Kh1 O-O 16.f5 d3 17.Bxd3 Rad8 18.Bc4 Kh8 19.Qa3 Nc8 20.e5 Qe3 21.Rae1 Qc3
22.Qc1 Qxc1 23.Nxc1 Ne7 24.f6 Nd5 25.Nb3  1/2-1/2

[Event "TCh-BEL 2007-8"]
[Site "Belgium BEL"]
[Date "2008.03.02"]
[Round "10"]
[White "Van der Stricht,G"]
[Black "Giffard,N"]
[Result "1-0"]
[WhiteElo "2424"]
[BlackElo "2389"]

1.d4 d5 2.c4 dxc4 3.e4 Nf6 4.e5 Nd5 5.Bxc4 Nb6 6.Bd3 Nc6 7.Be3 Nb4 8.Be4 c6
9.Nc3 Be6 10.Nge2 Qd7 11.O-O f5 12.exf6 exf6 13.Nf4 Bf7 14.Qf3 f5 15.Bb1 g6
16.d5 N4xd5 17.Bd4 Rg8 18.Re1+ Ne7 19.Bf6 O-O-O 20.Bc2 Re8 21.Bb3 Bxb3 22.axb3 Ned5
23.Rxe8+ Qxe8 24.Nfxd5 Nxd5 25.Nxd5 cxd5 26.Qxd5 Bg7 27.Qc4+ Kb8 28.Qf4+ Ka8
29.Bxg7  1-0

[Event "TCh-HUN 2007-8"]
[Site "Budapest HUN"]
[Date "2008.03.02"]
[Round "7"]
[White "Taskovits,I"]
[Black "Ruck,T"]
[Result "1/2-1/2"]
[WhiteElo "2336"]
[BlackElo "2343"]

1.d4 d5 2.c4 dxc4 3.e4 Nf6 4.e5 Nd5 5.Bxc4 Nb6 6.Bd3 Nc6 7.Be3 Nb4 8.Be4 c6
9.Nc3 N4d5 10.Nf3 g6 11.Bd2 Bg7 12.O-O O-O 13.Qb3 Nc7 14.Qc2 Bg4 15.Be3 f5
16.exf6 exf6 17.h3 Be6 18.Rad1 Ncd5 19.Rfe1 Qd7 20.Na4 Nxa4 21.Qxa4 Rfe8
22.Bb1 Bf8 23.Bd2 Nb6 24.Qc2 Bd5 25.Qd3 Nc4 26.Bc3 Bh6 27.Nh2 Rxe1+ 28.Rxe1 Re8
29.Rxe8+ Qxe8 30.Ng4 Bg7 31.Ne3 Nxe3 32.Qxe3 Kf7 33.Qxe8+ Kxe8 34.a3 f5 35.f4 c5
36.dxc5 Bxc3 37.bxc3 Kd7 38.Kf2 Kc6 39.g4 Be6 40.g5 Kxc5 41.Ke3 b6  1/2-1/2

[Event "TCh-BEL 2007-8"]
[Site "Belgium BEL"]
[Date "2008.03.06"]
[Round "11"]
[White "Docx,S"]
[Black "David,Alb"]
[Result "1/2-1/2"]
[WhiteElo "2318"]
[BlackElo "2557"]

1.d4 d5 2.c4 dxc4 3.e4 Nf6 4.e5 Nd5 5.Bxc4 Nb6 6.Bd3 Nc6 7.Be3 Be6 8.Nc3 Bc4
9.Bxc4 Nxc4 10.Nf3 e6 11.O-O Nb6 12.Ng5 Qd7 13.Qh5 Nb4 14.d5 N6xd5 15.Rad1 h6
16.Nxd5 Nxd5 17.Rxd5 hxg5 18.Rxd7 Rxh5 19.Rxc7 g4 20.Rfc1 Rxe5 21.Rxb7 a6
22.Rcc7 Rb5 23.Rxf7 Rb8 24.Ra7 Rxb2 25.g3 Rxa2 26.Bd4 Rd2 27.Rf4 Rxd4 28.Rxd4 Bc5
29.Rdd7 Bxa7 30.Rxa7 Rb4 31.Rxa6 Kf7  1/2-1/2

[Event "FSGM March"]
[Site "Budapest HUN"]
[Date "2008.03.10"]
[Round "9"]
[White "Rajlich,I"]
[Black "Fodor,T jr"]
[Result "1-0"]
[WhiteElo "2437"]
[BlackElo "2407"]

1.d4 d5 2.c4 dxc4 3.e4 Nf6 4.e5 Nd5 5.Bxc4 Nb6 6.Bd3 Nc6 7.Ne2 Bg4 8.f3 Be6
9.Nbc3 Qd7 10.Ne4 Bd5 11.Nc5 Qc8 12.Bb5 e6 13.Nf4 Bc4 14.Bxc6+ bxc6 15.b3 Ba6
16.Qc2 Nd5 17.Nxd5 cxd5 18.Bg5 h6 19.Bh4 Bxc5 20.Qxc5 g5 21.Bf2 Qb7 22.Rc1 Kd7
23.h4 g4 24.fxg4 Rag8 25.g5 hxg5 26.h5 g4 27.Be3 Bd3 28.h6 Rh7 29.Rc3 Be4
30.O-O Rc8 31.Bg5 f5 32.exf6 Rf7 33.Rfc1 Bf5 34.Bf4 Ke8 35.Be5 Rh7 36.Bxc7 Kf7
37.Qd6 Kg6 38.Qf4 Rxh6 39.Qxh6+ Kxh6 40.Bf4+ Kg6 41.Rxc8 Kxf6 42.Rf8+ Kg6
43.Rc7 Qb4 44.Rg8+ Kh5 45.Rh8+  1-0

[Event "ch-Siberia"]
[Site "Novokuznetsk RUS"]
[Date "2008.03.15"]
[Round "3"]
[White "Dashibalov,E"]
[Black "Volodarsk,Y"]
[Result "1-0"]
[WhiteElo "2408"]
[BlackElo "2261"]

1.d4 d5 2.c4 dxc4 3.e4 e5 4.Nf3 exd4 5.Bxc4 Nc6 6.O-O Be6 7.Bb5 Bc5 8.Nbd2 Ne7
9.Ng5 Qd6 10.f4 h6 11.e5 Qd7 12.Nxe6 Qxe6 13.Bc4 Qd7 14.e6 Qd8  1-0

[Event "TCh-AUT 1st Bundesliga 2007-8"]
[Site "Graz AUT"]
[Date "2008.03.16"]
[Round "11"]
[White "Babula,V"]
[Black "Rozentalis,E"]
[Result "1/2-1/2"]
[WhiteElo "2594"]
[BlackElo "2567"]

1.d4 d5 2.c4 dxc4 3.e4 Nf6 4.e5 Nd5 5.Bxc4 Nb6 6.Bd3 Nc6 7.Ne2 Bg4 8.f3 Bh5
9.Nbc3 e6 10.Be4 Bg6 11.O-O Be7 12.Be3 Qd7 13.Qb3 a5 14.a3 a4  1/2-1/2

[Event "ch-WLS"]
[Site "Cardiff WLS"]
[Date "2008.03.23"]
[Round "5"]
[White "Morris,Ga"]
[Black "Williams,Lei"]
[Result "0-1"]
[WhiteElo "2118"]
[BlackElo "2389"]

1.d4 d5 2.c4 dxc4 3.e4 Nc6 4.Be3 Nf6 5.f3 e5 6.d5 Nd4 7.Bxc4 c6 8.dxc6 bxc6
9.Ne2 Bc5 10.Kf2 Qb6 11.b4 Qxb4 12.Qc1 O-O 13.Re1 Nc2 14.Qxc2 Bxe3+ 15.Kf1 Bb6
16.Rc1 Ng4 17.fxg4 Qc5 18.Nf4 Qg1+ 19.Ke2 Qf2+ 20.Kd1 Bxg4+ 21.Be2 Rfd8+
22.Nd3 Qf1+ 23.Kd2 Ba5+ 24.Ke3 Rxd3+ 25.Kxd3 Rd8+ 26.Kc4 Be6+ 27.Kc5 Qf2+
28.Kxc6 Qb6+  0-1

[Event "Spring Festival"]
[Site "Budapest HUN"]
[Date "2008.03.24"]
[Round "4"]
[White "Galyas,M"]
[Black "Bodrogi,L"]
[Result "1-0"]
[WhiteElo "2432"]
[BlackElo "2114"]

1.d4 d5 2.c4 dxc4 3.e4 e5 4.Nf3 exd4 5.Bxc4 Bb4+ 6.Bd2 Bxd2+ 7.Nbxd2 Nc6
8.O-O Nh6 9.Nb3 Be6 10.Bb5 O-O 11.Bxc6 bxc6 12.Nbxd4 Bg4 13.Qc2 Bxf3 14.Nxf3 Rb8
15.b3 Qf6 16.h3 a5 17.Rac1 a4 18.bxa4 Rb2 19.Qc4 Rfb8 20.a3 R2b3 21.Nd4 Rxa3
22.Nxc6 Rb2 23.Rcd1 g5 24.e5 Qf4 25.Rd4  1-0

[Event "FKB ch-USA Qualifier"]
[Site "Tulsa USA"]
[Date "2008.03.28"]
[Round "2"]
[White "Mc Entee,T"]
[Black "Steiner,Ti"]
[Result "1-0"]
[WhiteElo "2147"]
[BlackElo "2134"]

1.d4 d5 2.c4 dxc4 3.e4 Nf6 4.Nc3 e6 5.Bxc4 Be7 6.Nf3 O-O 7.O-O a6 8.a3 b5
9.Ba2 Bb7 10.Re1 Nbd7 11.Bf4 Nb6 12.Qe2 c6 13.Rad1 Re8 14.Ne5 a5 15.Bb1 Qc8
16.Ng4 Nxg4 17.Qxg4 e5 18.Qxc8 Bxc8 19.dxe5 Nc4 20.Re2 Be6 21.Ba2 b4 22.Nb1 bxa3
23.bxa3 Red8 24.Rc1 Nxa3 25.h3 Bxa2 26.Rxa2 Nxb1 27.Rxb1 Bb4 28.Kf1 h6 29.Be3 c5
30.Ke2 Rd7 31.Rc1 Rc8 32.Rc4 Re7 33.f4 g5 34.g3 Kh7 35.Kf3 Rd8 36.Bxc5 Rc7
37.Bb6 Rd3+ 38.Ke2 Rxc4 39.Kxd3 Rc3+ 40.Kd4 Rxg3 41.Bxa5 Bf8 42.fxg5 hxg5
43.Bd8 Kh6 44.Ra6+ Kh5 45.Rf6 Rg2 46.Kd3 Rg3+ 47.Ke2 Rxh3 48.Rxf7 Bc5 49.Rh7+ Kg4
50.Rxh3 Kxh3 51.Bxg5 Kg4 52.Bf6 Kf4 53.Kd3  1-0

[Event "K41 Scandinavian Open"]
[Site "Valby DEN"]
[Date "2008.03.31"]
[Round "4"]
[White "Thorfinnsson,Br"]
[Black "Brynell,S"]
[Result "1/2-1/2"]
[WhiteElo "2406"]
[BlackElo "2463"]

1.d4 d5 2.c4 dxc4 3.e4 e5 4.Nf3 exd4 5.Bxc4 Nc6 6.O-O Be6 7.Bxe6 fxe6 8.Qb3 Qd7
9.Qxb7 Rb8 10.Qa6 Nf6 11.Nbd2 Bd6 12.Re1 Ng4 13.h3 Nge5 14.Nxe5 Bxe5 15.Nb3 O-O
16.Bd2 Qd6 17.Rf1 Rb6 18.Qc4 Bh2+ 19.Kh1 Bf4 20.Rad1 Ne5 21.Bxf4 Nxc4 22.Bxd6 Rxd6
23.Rxd4 Nxb2 24.Rc1 e5 25.Rxd6 cxd6 26.f3 Nd3 27.Rc7 Rf7 28.Rc8+ Rf8 29.Rc6 Rd8
30.Rc7 a6 31.Ra7 d5 32.exd5 Rd6 33.Na5 Nb4 34.Nc6 Nxc6 35.Rxa6 Rxd5 36.Rxc6 Ra5
37.Rc2 Kf7 38.Kg1 Kf6 39.Kf2 h5 40.Ke3 Kf5 41.Kd3 g5 42.Kc4 Ra8 43.Kb4 Rb8+
44.Kc3 Ra8 45.Kb2 g4 46.hxg4+ hxg4 47.fxg4+ Kxg4 48.a3 e4 49.Kb3 e3 50.a4 Kf4
51.Ra2 Re8 52.Re2 Ke4 53.Kc4 Rc8+ 54.Kb5 Kd3 55.Re1 Kd2 56.Rxe3 Kxe3 57.a5 Kd4
58.a6 Kd5 59.a7 Kd6 60.Kb6 Kd7 61.Kb7 Rc7+  1/2-1/2

[Event "ch-TUR"]
[Site "Ankara TUR"]
[Date "2008.04.04"]
[Round "13"]
[White "Citak,S"]
[Black "Atalik,S"]
[Result "0-1"]
[WhiteElo "2319"]
[BlackElo "2597"]

1.d4 d5 2.c4 dxc4 3.e4 Nf6 4.e5 Nd5 5.Bxc4 Nb6 6.Bb3 Bf5 7.Qf3 e6 8.Ne2 Nc6
9.O-O Qh4 10.Nbc3 O-O-O 11.Be3 Qg4 12.Qxg4 Bxg4 13.h3 Bxe2 14.Nxe2 Nb4 15.Nc3 N4d5
16.Ne4 Be7 17.Rac1 Kb8 18.Nc5 h5 19.g3 g6 20.Bd2 Rhg8 21.f4 c6 22.h4 Bxc5
23.dxc5 Nc8 24.Ba5 b6 25.cxb6 axb6 26.Bd2 Nce7 27.Rfd1 Rd7 28.Be3 Rgd8 29.Bf2 Kb7
30.a3 Nf5 31.Ba4 b5 32.Bc2 Nfe3 33.Bxe3 Nxe3 34.Rxd7+ Rxd7 35.Be4 Nc4 36.b3 Na5
37.Rc3 Rd1+ 38.Kf2 Ra1 39.Rd3 Kc7 40.a4 b4 41.Bf3 Rb1 42.g4 hxg4 43.Bd1 c5
44.Kg3 c4 45.bxc4 b3 46.Bxb3 Nxb3 47.Kxg4 Nc5 48.Rg3 Rb4  0-1

[Event "IX Dos Hermanas Internet"]
[Site "ICC INT"]
[Date "2008.04.05"]
[Round "4.6"]
[White "Andriasian,Z"]
[Black "Har Zvi,R"]
[Result "0-1"]
[WhiteElo "2533"]
[BlackElo "2512"]

1.d4 d5 2.c4 dxc4 3.e4 e5 4.Nf3 exd4 5.Bxc4 Nc6 6.O-O Be6 7.Bxe6 fxe6 8.Qb3 Qd7
9.Qxb7 Rb8 10.Qa6 Nf6 11.Nbd2 Bb4 12.Nc4 O-O 13.a3 Bc5 14.b4 Nxe4 15.Re1 Qd5
16.Rxe4 Qxe4 17.Ncd2 Qd5 18.bxc5 Qxc5 19.Qe2 Qc3 20.Qxe6+ Kh8 21.Qa2 Rbe8
22.Nf1 Rxf3 23.gxf3 Ne5 24.Bf4 Nxf3+ 25.Kh1 Nh4 26.Nd2 Qc6+ 27.f3 Nxf3 28.Qc4 Qa8
29.Rc1 Ne5+  0-1

[Event "K41 Scandinavian Open"]
[Site "Valby DEN"]
[Date "2008.04.05"]
[Round "10"]
[White "Lund,E"]
[Black "Brynell,S"]
[Result "1/2-1/2"]
[WhiteElo "2403"]
[BlackElo "2463"]

1.d4 d5 2.c4 dxc4 3.e4 e5 4.Nf3 exd4 5.Bxc4 Nc6 6.O-O Be6 7.Bxe6 fxe6 8.Qb3 Qd7
9.Qxb7 Rb8 10.Qa6 Nf6 11.Nbd2 Bd6 12.b3 O-O 13.Bb2 Bf4 14.Rfd1 e5 15.Ba3 Rf7
16.Rac1 Rb6 17.Qd3 Nd8 18.Rc5 Re6 19.Nc4 Qe8 20.g3 Nb7 21.gxf4 Nxc5 22.Bxc5 Nd7
23.Ncxe5 Nxc5 24.Qc4 Nxe4 25.Nxd4 Ref6 26.Nxf7 Qxf7 27.Qxf7+ Kxf7 28.Nb5 Rxf4
29.Nxa7 Rxf2 30.Rf1 Rxf1+  1/2-1/2

[Event "TCh-RUS Major League"]
[Site "Dagomys RUS"]
[Date "2008.04.10"]
[Round "8"]
[White "Dashibalov,E"]
[Black "Raetsky,A"]
[Result "1/2-1/2"]
[WhiteElo "2403"]
[BlackElo "2424"]

1.d4 d5 2.c4 dxc4 3.e4 Nc6 4.Be3 Nf6 5.Nc3 e5 6.d5 Na5 7.Qa4+ c6 8.dxc6 Nxc6
9.Nf3 Bd7 10.Bxc4 Bb4 11.O-O Bxc3 12.bxc3 O-O 13.Qc2 Qe7 14.h3 Rac8 15.Bd3 Nb4
16.Qd2 Nxd3 17.Qxd3 Rfd8 18.Qc2 Bc6 19.Nd2 Bb5 20.Rfe1 Bd3 21.Qa4 a6 22.Rac1 Rc6
23.Qb4 Qxb4 24.cxb4 Rxc1 25.Rxc1 Nxe4 26.Bb6 Re8 27.Nb3 h5 28.Rc7 Nd6 29.Rd7 Nc4
30.Rxd3 Nxb6 31.Nc5 Re7 32.Rd8+ Kh7 33.Rb8 Nd5 34.a3 b5 35.Ra8 Nb6 36.Rxa6 Nc4
37.a4 bxa4 38.Rxa4 Rc7 39.Ra1 f6  1/2-1/2

[Event "6th V.Nabokov Mem"]
[Site "Kyiv UKR"]
[Date "2008.04.10"]
[Round "8"]
[White "Shishkin,Va UKR"]
[Black "Bargan,Se"]
[Result "1-0"]
[WhiteElo "2510"]
[BlackElo "2404"]

1.d4 d5 2.c4 dxc4 3.e4 Nf6 4.e5 Nd5 5.Bxc4 Nb6 6.Bd3 Nc6 7.Ne2 Bg4 8.Be3 Qd7
9.a4 a6 10.Nbc3 O-O-O 11.a5 Nd5 12.Nxd5 Qxd5 13.f3 Be6 14.O-O Qb3 15.Qb1 Bc4
16.Rd1 e6 17.Bg5 Nxd4 18.Bxd8 Nxe2+ 19.Kh1 Bc5 20.Bh4 g5 21.Bxg5 h6 22.Bf6 Rg8
23.Bxc4 Qxc4 24.Qh7 Rf8 25.Qd3 Qxd3 26.Rxd3 Nf4 27.Rb3 Rg8 28.g3 Nd5 29.Ra4 Nxf6
30.exf6 Rg6 31.Rg4 Rxf6 32.Rg8+ Kd7 33.Kg2 b6 34.Rd3+ Kc6 35.axb6 cxb6 36.h4 a5
37.b3 Kb5 38.f4 Kb4 39.Kf3 e5 40.Re8 exf4 41.Re4+ Ka3 42.b4+  1-0

[Event "ch-NED w"]
[Site "Hilversum NED"]
[Date "2008.04.12"]
[Round "8"]
[White "Peng Zhaoqin"]
[Black "Muhren,B"]
[Result "1-0"]
[WhiteElo "2465"]
[BlackElo "2297"]

1.d4 d5 2.c4 dxc4 3.e4 e5 4.Nf3 exd4 5.Bxc4 Nc6 6.O-O Be6 7.Bb5 Bc5 8.b4 Bb6
9.a4 a6 10.Bxc6+ bxc6 11.Bb2 Qd6 12.a5 Ba7 13.Nbd2 Ne7 14.Qc2 O-O 15.Ba3 Rab8
16.Nc4 Qf4 17.Nce5 Rfd8 18.Qd3 f5 19.exf5 Bd5 20.Qxa6 Ra8 21.Qd3 Be4 22.Qc4+ Bd5
23.Qe2 Qxf5 24.Rad1 Ng6 25.Nxg6 Qxg6 26.Nh4 Qf6 27.Qg4 Be6 28.Qg3 d3 29.Bc1 Rd5
30.Nf3 c5 31.Bg5 Qf7 32.Bd2 cxb4 33.Bxb4 c5 34.Bc3 Bb8 35.Qh4 Bf4 36.g3 Bh6
37.Ne5 Qf5 38.Rfe1 Rf8 39.f4 Qh3 40.Qxh3 Bxh3 41.Nxd3 Bg4 42.Rd2 Rfd8 43.Ne5 Rxd2
44.Bxd2 Rxd2 45.Nxg4 Ra2 46.Re8+ Kf7 47.Ra8 Ke6 48.a6 Kf5 49.Nxh6+ gxh6 50.a7  1-0

[Event "Copenhagen Chess Challenge"]
[Site "Ballerup DEN"]
[Date "2008.04.18"]
[Round "4"]
[White "Kludacz,M"]
[Black "Brynell,S"]
[Result "0-1"]
[WhiteElo "2215"]
[BlackElo "2461"]

1.d4 d5 2.c4 dxc4 3.e4 e5 4.Nf3 exd4 5.Qxd4 Qxd4 6.Nxd4 Nf6 7.f3 Bc5 8.Nb5 Na6
9.Bxc4 c6 10.N5c3 Nb4 11.Na3 b5 12.Be2 Be6 13.Bd2 Nd7 14.f4 f6 15.Kd1 O-O-O
16.Nc2 a5 17.Kc1 Kb7 18.b3 Rhe8 19.a3 Nxc2 20.Kxc2 Bd4 21.Rab1 Bf7 22.Bf3 Bg6
23.Rhe1 Kb6 24.Be3 Nc5 25.f5 Bf7 26.b4 axb4 27.Rxb4 Bxe3 28.Rxe3 Re7 29.Rb1 Rd4
30.Rbe1 Nd7 31.Ne2 Rc4+ 32.Rc3 Ne5 33.Nf4 Ra7 34.Ra1 b4 35.Rxc4 Nxc4 36.a4 Na3+
37.Kd3 Rd7+ 38.Ke3  0-1

[Event "ch-Odessa Region"]
[Site "Odessa UKR"]
[Date "2008.04.20"]
[Round "5"]
[White "Fiodorov,M"]
[Black "Bogdanovich,S"]
[Result "1/2-1/2"]
[WhiteElo "2223"]
[BlackElo "2327"]

1.d4 d5 2.c4 dxc4 3.e4 e6 4.Nc3 c5 5.d5 exd5 6.Nxd5 Nf6 7.Bxc4 Nxd5 8.Qxd5 Qc7
9.Nf3 Be6 10.Qd3 Bxc4 11.Qxc4 Bd6 12.Bd2 Nc6 13.Bc3 O-O 14.O-O Rad8 15.b3 Rd7
16.Rad1 Rfd8 17.g3 Ne5 18.Bxe5 Bxe5 19.Rd5 Rxd5 20.exd5 Bf6 21.Rd1 Qd6 22.Rd2 g6
23.a4 Kg7 24.h4 h5 25.Kg2 b6 26.Kf1 Rd7 27.Kg2 Qe7 28.Qf4 Rd6 29.Rd3 Qd8
30.Qe4 Kg8 31.Qc4 Qd7 32.Nd2 Qd8 33.Ne4 Rd7 34.d6 Ba1 35.b4 cxb4 36.Qxb4 Qa8
37.Kh2 Qc6 38.Rd1 Be5 39.f4 Bg7 40.Rd2 a5 41.Qb1 Qxa4 42.Rd5 Qc4 43.Rb5 f5
44.Ng5 Rxd6 45.Kh3 Bd4 46.Rb3 Bc5 47.Qe1 Rd8 48.Rb1 Bb4 49.Qe5 Qd5 50.Rd1 Bd2
51.Qf6 Rd6 52.Qe7 Rd7 53.Qf6 Rd6 54.Qe7 Rd7 55.Qf6 Rd6 56.Qe7 Rd7  1/2-1/2

[Event "XIV Leonardo di Bona Magistrale"]
[Site "Cutro ITA"]
[Date "2008.04.27"]
[Round "5"]
[White "Van Hoolandt,P"]
[Black "Salvador,R"]
[Result "0-1"]
[WhiteElo "2183"]
[BlackElo "2450"]

1.d4 d5 2.c4 dxc4 3.e4 Nf6 4.Nc3 c5 5.d5 b5 6.Bf4 a6 7.e5 b4 8.exf6 bxc3
9.bxc3 gxf6 10.Bxc4 Rg8 11.Qb1 Nd7 12.Qxh7 Rg4 13.Ne2 Ne5 14.Bb3 c4 15.Ba4+ Bd7
16.Bxd7+ Qxd7 17.Bxe5 fxe5 18.Qh3 Rd8 19.O-O Rg6 20.Qxd7+ Rxd7 21.Rab1 Rxd5
22.Rb8+ Rd8 23.Rxd8+ Kxd8 24.f4 Bh6 25.g3 exf4 26.Nxf4 Rd6 27.Re1 Bxf4 28.gxf4 Rd3
29.Kf2 Rxc3 30.Re3 Rc2+ 31.Re2 Rc1 32.Re1 Rxe1 33.Kxe1 Kd7 34.h4 Ke6 35.h5 Kf6
36.Kd2 Kg7 37.Kc3 Kh6 38.Kxc4 Kxh5 39.a4 Kg4 40.a5 Kxf4  0-1

[Event "ch-NED U21"]
[Site "Venlo NED"]
[Date "2008.04.30"]
[Round "6"]
[White "Op den Kelder,J"]
[Black "Slagter,R"]
[Result "1-0"]
[WhiteElo "2245"]
[BlackElo "1905"]

1.d4 d5 2.c4 dxc4 3.e4 Nf6 4.e5 Nd5 5.Bxc4 Nb6 6.Bd3 Nc6 7.Be3 Be6 8.Nc3 Bd5
9.Nxd5 Nxd5 10.Ne2 e6 11.O-O Be7 12.Nc3 Qd7 13.Be4 O-O-O 14.Nxd5 exd5 15.Bd3 f5
16.f4 h5 17.a3 Nb8 18.b4 Qe6 19.b5 b6 20.Qa4 Kb7 21.Rfc1 Rc8 22.Rc3 c5 23.bxc6+ Rxc6
24.Rxc6 Nxc6 25.Bb5 Nb8 26.Rc1 Rc8 27.Rxc8 Qxc8 28.Qb3 Qe6 29.Be2 Na6 30.Bxh5 Nc7
31.Bf3 Qc6 32.h3 b5 33.Be2 Qa6 34.Bc1 Qc6 35.Bd2 Qb6 36.Bc3 a5 37.Bd3 g6
38.Kf2 b4 39.axb4 Bxb4 40.Ke3 Bxc3 41.Qxc3 Ne6 42.g4 g5 43.gxf5 gxf4+ 44.Kf3 Nxd4+
45.Kg4 f3 46.e6 Nxe6 47.fxe6 Qxe6+ 48.Kg3 Qg8+ 49.Kxf3 Qf8+ 50.Kg4 Qg8+ 51.Kh5 Qe8+
52.Bg6 Qe2+ 53.Kh6 Qf2 54.Qb3+ Ka7 55.Qc3 Qh4+ 56.Bh5 Qf4+ 57.Kh7 Qf5+ 58.Bg6 Qd7+
59.Kh6 Qd8 60.Qd4+ Kb7 61.h4 Qf8+ 62.Kg5 Qe7+ 63.Kf5 Qd7+ 64.Kf6 Qd8+ 65.Kg7 Qd6
66.Bf7 Qg3+ 67.Kh7 Ka6 68.h5  1-0

[Event "Victory Day A"]
[Site "Moscow RUS"]
[Date "2008.05.01"]
[Round "8"]
[White "Konovalov,N"]
[Black "Okara,A"]
[Result "1-0"]
[WhiteElo "2426"]
[BlackElo "2407"]

1.d4 d5 2.c4 dxc4 3.e4 Nf6 4.e5 Nd5 5.Bxc4 Nb6 6.Bb3 Nc6 7.Be3 Bf5 8.a3 e6
9.Nc3 Qh4 10.Nge2 O-O-O 11.Qc1 Qe7 12.O-O h6 13.Rd1 g5 14.Ng3 Bg6 15.Nge4 Bg7
16.Nc5 Bf5 17.a4 a5 18.Nb5 Nd7 19.Na6 Ndxe5 20.dxe5 Bxe5 21.Nc5 Qf6 22.Qc4 Bxb2
23.Rxd8+ Rxd8 24.Rd1 Rxd1+ 25.Bxd1 g4 26.Bxg4  1-0

[Event "4NCL 2007-8"]
[Site "Wokefield Park ENG"]
[Date "2008.05.04"]
[Round "10"]
[White "Therrien,A"]
[Black "Baburin,A"]
[Result "1-0"]
[WhiteElo "2240"]
[BlackElo "2542"]

1.d4 d5 2.c4 dxc4 3.e4 Nc6 4.Nf3 Bg4 5.d5 Ne5 6.Bf4 Ng6 7.Be3 Nf6 8.Nc3 e5
9.Bxc4 a6 10.Be2 Bd6 11.Nd2 Bd7 12.O-O O-O 13.a3 b5 14.Nb3 Qe7 15.Na5 Nf4
16.Bf3 b4 17.axb4 Bxb4 18.g3 Nh3+ 19.Kh1 Bc5 20.Qd2 Bxe3 21.Qxe3 Qb4 22.Bg2 Qxb2
23.Bxh3 Bxh3 24.Rfb1 Qc2 25.Ra2 Qxb1+ 26.Nxb1 Rab8 27.Nc3 Ng4 28.Qe1 f5 29.Nc6 Rbe8
30.exf5 Rxf5 31.Ne4 h6 32.d6  1-0

[Event "Mayors Cup Open"]
[Site "Mumbai IND"]
[Date "2008.05.16"]
[Round "8"]
[White "Swapnil,SD"]
[Black "Filippov,An UZB"]
[Result "0-1"]
[WhiteElo "2354"]
[BlackElo "2509"]

1.d4 d5 2.c4 dxc4 3.e4 Nf6 4.e5 Nd5 5.Bxc4 Nb6 6.Bd3 Nc6 7.Be3 Nb4 8.Be4 f5
9.exf6 exf6 10.a3 f5 11.axb4 fxe4 12.Nc3 Be6 13.Nh3 Bd6 14.Ng5 Qe7 15.Nxe6 Qxe6
16.Qh5+ g6 17.Qb5+ Qd7 18.Qxd7+ Kxd7 19.Nxe4 Bxb4+ 20.Ke2 Nd5 21.h4 h5 22.f3 a5
23.Bg5 b5 24.Rhg1 a4 25.g4 Ra6 26.gxh5 Rxh5 27.Rg4 Rc6 28.Kd3 Bf8 29.Bd2 Rf5
30.f4 Be7 31.Rag1 b4 32.Rxg6 Nxf4+ 33.Bxf4 Rxf4 34.d5 Rxg6 35.Rxg6 Rxh4 36.Ra6 a3
37.bxa3 bxa3 38.Nc3 Kc8 39.Re6 Bb4 40.Na2 Bc5 41.Re4 Rh3+ 42.Kc4 Bd6 43.Re2 Kb7
44.Nc3 Kb6 45.Na2 Rh4+ 46.Kb3 Rh3+ 47.Kc4 Rh4+ 48.Kb3 Rd4 49.Nc3 Ka5 50.Rc2 Rd3
51.Ka2 Kb4 52.Nb1 Bc5 53.Rc1 Bd6 54.Rc2 Rh3 55.Re2 Kc4 56.Rd2 Rd3 57.Rxd3 Kxd3
58.Kb3 Bb4 59.Ka2 Kc4  0-1

[Event "11th North American FIDE Inv"]
[Site "Chicago USA"]
[Date "2008.05.17"]
[Round "1"]
[White "Tate,E"]
[Black "Loncarevic,R"]
[Result "1-0"]
[WhiteElo "2378"]
[BlackElo "2095"]

1.d4 d5 2.c4 dxc4 3.e4 Nf6 4.e5 Nd5 5.Bxc4 Nb6 6.Bb3 Nc6 7.Ne2 Bf5 8.a3 e6
9.Nbc3 Qd7 10.O-O O-O-O 11.Be3 Be7 12.Rc1 f6 13.exf6 gxf6 14.Ba4 Nxa4 15.Qxa4 a6
16.Rfd1 Bd6 17.b4 Na7 18.Qb3 Kb8 19.a4 b6 20.Qc4 Kb7 21.d5 e5 22.Ng3 Bg6
23.Nce4 Bxe4 24.Nxe4 f5 25.Nc5+ bxc5 26.bxc5  1-0